Statistics for NBA All-Star Game Starters 1980's

Click here to take the quiz!

General Stats

  • This quiz has been taken 1,419 times
  • The average score is 22 of 37

Answer Stats

PlayerTeam#% Correct
Michael JordanBulls4
100%
Isiah ThomasPistons7
99%
Karl MaloneJazz2
97%
Moses MaloneHawks / Bullets / 76ers / Rockets7
97%
Hakeem OlajuwonRockets3
96%
John StocktonJazz1
96%
Larry BirdCeltics8
96%
Magic JohnsonLakers7
96%
Dominique WilkinsHawks3
94%
Kareem Abdul-JabbarLakers7
94%
Julius Erving76ers8
91%
Eddie JohnsonHawks2
90%
Marques JohnsonBucks1
90%
James WorthyLakers2
86%
George GervinSpurs5
85%
Charles Barkley76ers1
84%
Alex EnglishNuggets4
82%
Robert ParishCeltics1
76%
Artis GilmoreBulls2
62%
Sidney MoncriefBucks2
62%
Adrian DantleyJazz5
56%
Ralph SampsonRockets2
55%
Maurice Cheeks76ers1
44%
Alvin RobertsonSpurs2
42%
Fat LeverNuggets1
34%
Tom ChambersSuperSonics1
34%
David ThompsonSuperSonics1
33%
Tiny ArchibaldCeltics1
27%
Gus WilliamsSuperSonics1
26%
Dale EllisSuperSonics1
23%
Walter DavisSuns1
22%
Paul WestphalSuperSonics1
17%
World B. FreeClippers1
16%
Reggie TheusBulls1
14%
Maurice LucasSuns1
8%
John DrewHawks1
6%
Lonnie SheltonSuperSonics1
3%

Score Distribution

Percentile by Number Answered

Percent of People with Each Score

Your Score History

You have not taken this quiz